Hassan Bin Thabit dan peranannya dalam puisi Islam /
Saved in:
| Main Author: | |
|---|---|
| Format: | Thesis Book |
| Language: | Malay |
| Published: |
2005.
|
| Subjects: | |
| Tags: |
Add Tag
No Tags, Be the first to tag this record!
|
| LEADER | 01081cam a2200265 a 4500 | ||
|---|---|---|---|
| 001 | u726780 | ||
| 003 | SIRSI | ||
| 005 | 200608251640 | ||
| 008 | 060825s2005 my t 000 0 may m | ||
| 040 | |a UMM |d UMB | ||
| 090 | |a PB12 |b UM 2005 Sofy | ||
| 093 | |a PB12 |b UM 2005 Sofy | ||
| 100 | 0 | 0 | |a Sofyuddin Yusof. |
| 245 | 1 | 0 | |a Hassan Bin Thabit dan peranannya dalam puisi Islam / |c Sofyuddin Yusof. |
| 260 | |c 2005. | ||
| 300 | |a xiv, 187 leaves : |b ill. ; |c 30 cm. | ||
| 502 | |a Dissertation (M.M.L.S.) -- Fakulti Bahasa dan Linguistik, Universiti Malaya, 2006. | ||
| 504 | |a Bibliography: leaves 183-187. | ||
| 600 | 0 | 0 | |a Hassan ibn Thabit, |d -674 |x Criticism and interpretation. |
| 650 | 0 | |a Islamic poetry, Arabic. | |
| 650 | 0 | |a Arabic poetry. | |
| 710 | 2 | 0 | |a Universiti Malaya. |b Fakulti Bahasa dan Linguistik. |
| 596 | |a 1 6 | ||
| 999 | |a PB12 UM 2005 SOFY |w LC |c 1 |i A512735481 |d 18/4/2013 |e 18/4/2013 |f 22/9/2006 |g 1 |l STACKS |m P01UTAMA |n 8 |r Y |s Y |t TESIS |u 22/9/2006 | ||
| 999 | |a PB12 UM 2005 SOFY |w LC |c 1 |i A512589747 |d 16/12/2014 |e 16/12/2014 |f 10/10/2006 |g 1 |l STACKS |m P06BAHASA |n 1 |r Y |s Y |t TESIS |u 10/10/2006 | ||
